[Event "Chervonny-2010"]
[Site "?"]
[Date "2010.09.23"]
[Round "1"]
[White "Stoletov Gennadi"]
[Black "Anikeev Anatoliy"]
[Result "1-0"]
[WhiteElo "2288"]
[BlackElo "1992"]
[PlyCount "47"]
[EventDate "2010.09.24"]
[SourceDate "2010.09.25"]

1. e4 e5 2. Nf3 d6 3. d4 exd4 4. Nxd4 Be7 5. Nc3 c6 6. Be2 Nf6 7. Be3 O-O 8.
O-O c5 9. Nb3 a6 10. a4 Nc6 11. f4 Be6 12. Nd2 Qc7 13. f5 Bd7 14. g4 h6 15. g5
hxg5 16. Bxg5 Qd8 17. Rf2 Ne5 18. Rg2 Bc6 19. Bh6 g6 20. fxg6 Nxg6 21. Bc4 d5
22. exd5 Nxd5 23. Qh5 Nf6 24. Rxg6+ 1-0

[Event "Chervonny-2010"]
[Site "?"]
[Date "2010.09.23"]
[Round "1"]
[White "Andriyashenko Vladimir"]
[Black "Poluhovich Igor"]
[Result "1-0"]
[WhiteElo "2040"]
[BlackElo "1819"]
[PlyCount "51"]
[EventDate "2010.09.24"]
[SourceDate "2010.09.25"]

1. d4 e6 2. Nf3 f5 3. g3 Nf6 4. Bg2 d5 5. O-O Ne4 6. c4 Nd7 7. Qb3 c6 8. Nc3
Bd6 9. Nxe4 fxe4 10. Ng5 Nf6 11. f3 h6 12. Nh3 g5 13. Qc2 e5 14. fxe4 Bxh3 15.
exd5 Rg8 16. Bxh3 g4 17. Bg2 cxd5 18. Qf5 Be7 19. dxe5 Qb6+ 20. Kh1 Ne4 21.
Qf7+ Kd8 22. Qxd5+ Kc7 23. Qxe4 Rae8 24. Bf4 Kb8 25. b4 Bxb4 26. Rab1 1-0

[Event "Chervonny-2010"]
[Site "?"]
[Date "2010.09.23"]
[Round "1"]
[White "Blinov Sergey"]
[Black "Dzera Evgeniy"]
[Result "0-1"]
[WhiteElo "1980"]
[BlackElo "2182"]
[PlyCount "36"]
[EventDate "2010.09.24"]
[SourceDate "2010.09.25"]

1. Nf3 d5 2. g3 Nc6 3. Bg2 e5 4. d3 f5 5. O-O Nf6 6. Bg5 Be7 7. Bxf6 Bxf6 8. c3
O-O 9. Nbd2 e4 10. dxe4 dxe4 11. Ne1 Qd6 12. Nb3 Qe7 13. Nd4 Ne5 14. Qb3+ Kh8
15. a4 c5 16. Ndc2 Be6 17. Qb5 Bc4 18. Qa5 b6 0-1

[Event "Chervonny-2010"]
[Site "?"]
[Date "2010.09.23"]
[Round "1"]
[White "Presnyakov Semen"]
[Black "Gavrilov Yuriy"]
[Result "1/2-1/2"]
[WhiteElo "1921"]
[BlackElo "2112"]
[PlyCount "29"]
[EventDate "2010.09.24"]
[SourceDate "2010.09.25"]

1. c4 f5 2. Nf3 Nf6 3. Nc3 e6 4. g3 Be7 5. Bg2 O-O 6. O-O c6 7. d4 d5 8. Ne5
Nbd7 9. Nxd7 Bxd7 10. c5 h6 11. f3 b6 12. b4 bxc5 13. bxc5 Rb8 14. Bf4 Rb7 15.
Rb1 1/2-1/2

[Event "Chervonny-2010"]
[Site "?"]
[Date "2010.09.23"]
[Round "1"]
[White "Kozlov Aleksandr"]
[Black "Poluhovich Igor"]
[Result "1-0"]
[WhiteElo "2114"]
[BlackElo "1819"]
[PlyCount "71"]
[EventDate "2010.09.24"]
[SourceDate "2010.09.25"]

1. Nf3 Nc6 2. d4 d5 3. c4 Nf6 4. cxd5 Nxd5 5. e4 Nf6 6. d5 Nb8 7. Nc3 e6 8. Bg5
Be7 9. Bxf6 Bxf6 10. e5 Be7 11. Bc4 exd5 12. Nxd5 c6 13. Nxe7 Qxd1+ 14. Rxd1
Kxe7 15. Ng5 f6 16. exf6+ gxf6 17. Ne4 Nd7 18. f4 Nb6 19. Bb3 Bg4 20. Rd6 Bf5
21. Rxf6 Bd7 22. Rf7+ Kd8 23. O-O Kc7 24. Nf6 Rad8 25. Nxh7 c5 26. Be6 Kc6 27.
Bxd7+ Rxd7 28. Rxd7 Nxd7 29. Ng5 Nf6 30. h3 Rd8 31. g4 Rd4 32. Ne6 Rd3 33. Kg2
Ne4 34. f5 Nd6 35. Re1 Kd5 36. Nf4+ 1-0

[Event "Chervonny-2010"]
[Site "?"]
[Date "2010.09.24"]
[Round "2"]
[White "Andriyashenko Vladimir"]
[Black "Stoletov Gennadi"]
[Result "1-0"]
[WhiteElo "2043"]
[BlackElo "2288"]
[PlyCount "57"]
[EventDate "2010.09.24"]
[SourceDate "2010.09.26"]

1. d4 Nf6 2. Nf3 g6 3. Bg5 Bg7 4. Nbd2 d5 5. e3 Bg4 6. c3 Nbd7 7. h3 Bf5 8. Be2
c6 9. O-O h6 10. Bf4 Qb6 11. b4 Be6 12. Ne5 a5 13. a3 Nxe5 14. Bxe5 O-O 15. Bd3
Ne8 16. Bxg7 Kxg7 17. Nb3 axb4 18. axb4 Rxa1 19. Qxa1 Nd6 20. Qa5 Qxa5 21. bxa5
Ra8 22. Ra1 Bc8 23. f3 f5 24. Kf2 Kf6 25. f4 g5 26. g3 Ne4+ 27. Bxe4 dxe4 28.
c4 Be6 29. Nc5 1-0

[Event "Chervonny-2010"]
[Site "?"]
[Date "2010.09.24"]
[Round "2"]
[White "Gavrilov Yuriy"]
[Black "An Yuriy"]
[Result "1-0"]
[WhiteElo "2112"]
[BlackElo "2029"]
[PlyCount "45"]
[EventDate "2010.09.24"]
[SourceDate "2010.09.26"]

1. d4 Nf6 2. c4 e6 3. Nc3 c5 4. d5 exd5 5. cxd5 Bd6 6. e4 Be5 7. Bd3 d6 8. Nge2
h6 9. f4 Bxc3+ 10. bxc3 Bg4 11. O-O O-O 12. Qc2 Bxe2 13. Bxe2 a6 14. c4 Qe8 15.
Bf3 Ra7 16. Bb2 Nbd7 17. Rae1 Qb8 18. e5 Ne8 19. Bg4 b5 20. e6 fxe6 21. Bxe6+
Kh8 22. Qg6 bxc4 23. Qxh6# 1-0

[Event "Chervonny-2010"]
[Site "?"]
[Date "2010.09.24"]
[Round "2"]
[White "Anikeev Anatoliy"]
[Black "Presnyakov Semen"]
[Result "1/2-1/2"]
[WhiteElo "1992"]
[BlackElo "1973"]
[PlyCount "69"]
[EventDate "2010.09.24"]
[SourceDate "2010.09.26"]

1. d4 Nf6 2. Nf3 g6 3. c4 Bg7 4. Nc3 d6 5. e3 O-O 6. Be2 c5 7. d5 a6 8. O-O e6
9. e4 exd5 10. exd5 Bg4 11. h3 Bf5 12. Bd3 Bxd3 13. Qxd3 Nbd7 14. Bg5 Qb6 15.
Rab1 Rfe8 16. Be3 Qc7 17. Rfe1 Re7 18. Bf4 Rae8 19. Rxe7 Rxe7 20. Re1 Rxe1+ 21.
Nxe1 Nh5 22. Bh2 Ne5 23. Qe2 Qd8 24. f4 Nd7 25. g4 Bd4+ 26. Kg2 Nhf6 27. Nf3
Bxc3 28. bxc3 Qe8 29. Qxe8+ Nxe8 30. g5 Ng7 31. Nd2 Nf5 32. Kf3 Kf8 33. Bg1 Ke7
34. Bf2 Nb6 35. Ke4 1/2-1/2

[Event "Chervonny-2010"]
[Site "?"]
[Date "2010.09.24"]
[Round "2"]
[White "Kovalev Aleksandr"]
[Black "Blinov Sergey"]
[Result "1-0"]
[WhiteElo "1974"]
[BlackElo "1980"]
[PlyCount "45"]
[EventDate "2010.09.24"]
[SourceDate "2010.09.26"]

1. e4 e6 2. d4 b6 3. c4 Bb7 4. d5 Bb4+ 5. Nc3 Nf6 6. Bd3 Bxc3+ 7. bxc3 O-O 8.
Bg5 h6 9. Bh4 g5 10. Bg3 d6 11. Nf3 e5 12. O-O Nbd7 13. Nd2 Nc5 14. Bc2 a5 15.
Re1 Bc8 16. Nf1 h5 17. f3 Kg7 18. Bf2 Rh8 19. Be3 g4 20. Bg5 Qg8 21. Bh4 gxf3
22. Qxf3 Bg4 23. Qxf6+ 1-0

[Event "Chervonny-2010"]
[Site "?"]
[Date "2010.09.24"]
[Round "3"]
[White "Kozlov Aleksandr"]
[Black "Dzera Evgeniy"]
[Result "1/2-1/2"]
[WhiteElo "2114"]
[BlackElo "2182"]
[PlyCount "34"]
[EventDate "2010.09.24"]
[SourceDate "2010.09.27"]

1. e4 g6 2. d4 Bg7 3. Nc3 d6 4. Nf3 c6 5. a4 Bg4 6. Be2 Nf6 7. O-O O-O 8. h3
Bxf3 9. Bxf3 Na6 10. Be3 Nc7 11. Qd2 e5 12. Rfd1 Qe7 13. Bg5 Rad8 14. Bg4 Ne6
15. Bxe6 Qxe6 16. dxe5 dxe5 17. Qe3 b6 1/2-1/2

[Event "Chervonny-2010"]
[Site "?"]
[Date "2010.09.24"]
[Round "3"]
[White "Gavrilov Yuriy"]
[Black "Andriyashenko Vladimir"]
[Result "0-1"]
[WhiteElo "2112"]
[BlackElo "2043"]
[PlyCount "58"]
[EventDate "2010.09.24"]
[SourceDate "2010.09.27"]

1. d4 c6 2. c4 d5 3. Nc3 e6 4. Nf3 Be7 5. e4 dxe4 6. Nxe4 Nf6 7. Nc3 O-O 8. Bd3
Na6 9. a3 c5 10. d5 exd5 11. cxd5 Nc7 12. Ng5 h6 13. h4 Ncxd5 14. Nxd5 Qxd5 15.
Nh7 Qe5+ 16. Be3 Nxh7 17. Qc2 Nf6 18. O-O-O Ng4 19. Rde1 Nxe3 20. Rxe3 Qf4 21.
g3 Qf6 22. Rhe1 Bd6 23. Qe2 Bf5 24. Bc4 Qg6 25. h5 Qg4 26. f3 Qxg3 27. Bxf7+
Rxf7 28. Re8+ Rxe8 29. Qxe8+ Rf8 0-1

[Event "Chervonny-2010"]
[Site "?"]
[Date "2010.09.24"]
[Round "3"]
[White "Poluhovich Igor"]
[Black "Stoletov Gennadi"]
[Result "0-1"]
[WhiteElo "1819"]
[BlackElo "2288"]
[PlyCount "62"]
[EventDate "2010.09.24"]
[SourceDate "2010.09.27"]

1. e4 d5 2. exd5 Qxd5 3. d4 Nf6 4. Nc3 Qd6 5. Bc4 a6 6. Nge2 Qc6 7. Qd3 Qxg2 8.
Rg1 Qh3 9. Rg3 Qf5 10. Bf4 Qxd3 11. Rxd3 b5 12. Bb3 c6 13. d5 c5 14. d6 c4 15.
dxe7 Bxe7 16. Re3 Nc6 17. a4 cxb3 18. axb5 Nb4 19. Nd4 Nxc2+ 20. Nxc2 bxc2 21.
b6 Kf8 22. Kd2 Bc5 23. Rd3 Bxb6 24. Bd6+ Kg8 25. Be5 h6 26. Rg1 Ne8 27. Nd5 Bd8
28. Rdg3 Rh7 29. Nf4 Bf5 30. Nh5 g6 31. f4 Kf8 0-1

[Event "Chervonny-2010"]
[Site "?"]
[Date "2010.09.24"]
[Round "3"]
[White "Blinov Sergey"]
[Black "Anikeev Anatoliy"]
[Result "0-1"]
[WhiteElo "1980"]
[BlackElo "1992"]
[PlyCount "96"]
[EventDate "2010.09.24"]
[SourceDate "2010.09.27"]

1. b3 e5 2. Bb2 d6 3. g3 Nf6 4. Bg2 Be7 5. e4 O-O 6. Ne2 c5 7. O-O Nc6 8. c4 a6
9. Nbc3 Nb4 10. d3 Nc6 11. Nd5 Be6 12. h3 Bxd5 13. exd5 Nd4 14. Bxd4 exd4 15.
f4 Nd7 16. Kh2 f5 17. Ng1 Nf6 18. Re1 Qd7 19. Re6 Rae8 20. Nf3 h6 21. Nh4 Nh7
22. Ng6 Rf6 23. Qh5 Nf8 24. Nxe7+ Rxe7 25. Rxf6 gxf6 26. Qxh6 Nh7 27. Qh5 Re3
28. Rd1 Qg7 29. Bf3 Qd7 30. Rd2 Qe7 31. Re2 Kg7 32. Rxe3 Qxe3 33. Be2 Qf2+ 34.
Kh1 Qxg3 35. Qf3 Qxf3+ 36. Bxf3 Nf8 37. Kh2 Kh6 38. Kg3 Nd7 39. Bd1 a5 40. Be2
Nb8 41. h4 Na6 42. a3 Nc7 43. Bd1 b5 44. Bc2 bxc4 45. dxc4 Ne8 46. Bxf5 Ng7 47.
Kg4 Nxf5 48. Kxf5 d3 0-1

[Event "Chervonny-2010"]
[Site "?"]
[Date "2010.09.25"]
[Round "4"]
[White "Dzera Evgeniy"]
[Black "Andriyashenko Vladimir"]
[Result "1/2-1/2"]
[WhiteElo "2182"]
[BlackElo "2043"]
[PlyCount "39"]
[EventDate "2010.09.24"]
[SourceDate "2010.09.27"]

1. c4 f5 2. Nf3 Nf6 3. Nc3 e6 4. a3 Be7 5. d3 O-O 6. g3 c6 7. Bg2 d5 8. cxd5
exd5 9. e3 Na6 10. b4 Nc7 11. O-O Bd6 12. Bb2 a5 13. Qb3 Kh8 14. Nd4 axb4 15.
axb4 Rxa1 16. Rxa1 Qe7 17. Nc2 Ng4 18. b5 Ne5 19. Rd1 Bd7 20. Ba3 1/2-1/2

[Event "Chervonny-2010"]
[Site "?"]
[Date "2010.09.25"]
[Round "4"]
[White "Stoletov Gennadi"]
[Black "Kozlov Aleksandr"]
[Result "1-0"]
[WhiteElo "2288"]
[BlackElo "2114"]
[PlyCount "111"]
[EventDate "2010.09.24"]
[SourceDate "2010.09.27"]

1. e4 c5 2. Ne2 a6 3. Nbc3 Nc6 4. d4 cxd4 5. Nxd4 e6 6. Nxc6 bxc6 7. Bd3 d5 8.
O-O g6 9. Qe2 Bg7 10. Rd1 Ne7 11. Bg5 Qc7 12. Qd2 O-O 13. Bh6 Rb8 14. Bxg7 Kxg7
15. Rab1 e5 16. Qe2 d4 17. Na4 a5 18. b3 c5 19. Rbc1 Bd7 20. Nb2 Nc6 21. a3 Na7
22. Rf1 Nb5 23. a4 Nc3 24. Qd2 Be6 25. Rce1 f6 26. f4 Rfe8 27. fxe5 Qxe5 28.
Nd1 Nxd1 29. Rxd1 Ra8 30. Rde1 Rec8 31. Qe2 Rc7 32. Rf2 Rac8 33. Bc4 Re7 34.
Ref1 Rf8 35. Bd3 Bd7 36. Qd2 Qc7 37. Rf4 Re5 38. Qf2 Qd6 39. Qg3 Rg5 40. Qh4
Rh5 41. Qg3 Rg5 42. Qf3 Re5 43. Qf2 Rh5 44. Be2 Re5 45. Bd3 Bc6 46. Rh4 Rg5 47.
Rf4 Re5 48. Qd2 g5 49. Rf5 Rxf5 50. Rxf5 Qe6 51. e5 h6 52. Qxa5 fxe5 53. Qc7+
Bd7 54. Qxe5+ Qxe5 55. Rxe5 Rc8 56. Re7+ 1-0

[Event "Chervonny-2010"]
[Site "?"]
[Date "2010.09.25"]
[Round "4"]
[White "Anikeev Anatoliy"]
[Black "Gavrilov Yuriy"]
[Result "0-1"]
[WhiteElo "1992"]
[BlackElo "2112"]
[PlyCount "65"]
[EventDate "2010.09.24"]
[SourceDate "2010.09.27"]

1. d4 f5 2. e4 d6 3. exf5 Bxf5 4. Nf3 e6 5. Be2 Nf6 6. O-O Be7 7. c4 O-O 8. Nc3
Ne4 9. Nxe4 Bxe4 10. Nd2 Bf5 11. b3 Nd7 12. Bb2 Bf6 13. Nf3 Nc5 14. Qc1 Ne4 15.
d5 e5 16. Nd2 Bg5 17. Bc3 Qf6 18. Nxe4 Bxe4 19. Bd2 Bf4 20. f3 Bg6 21. g3 Qg5
22. Bxf4 exf4 23. g4 Rae8 24. Qd2 Re3 25. Rae1 Rfe8 26. Bd1 h5 27. Rxe3 Rxe3
28. Qf2 Qe5 29. Qh4 Bd3 30. Rf2 Re1+ 31. Kg2 Rxd1 32. Qxh5 Qxh5 33. gxh5 0-1

[Event "Chervonny-2010"]
[Site "?"]
[Date "2010.09.25"]
[Round "4"]
[White "An Yuriy"]
[Black "Poluhovich Igor"]
[Result "0-1"]
[WhiteElo "2029"]
[BlackElo "1819"]
[PlyCount "62"]
[EventDate "2010.09.24"]
[SourceDate "2010.09.27"]

1. c4 e6 2. Nc3 f5 3. e4 fxe4 4. Nxe4 Nf6 5. Ng3 e5 6. Nf3 Nc6 7. Bd3 Bc5 8.
Ne4 d6 9. h3 O-O 10. a3 Nh5 11. Nxc5 dxc5 12. Be4 Nf4 13. O-O Nxh3+ 14. gxh3
Bxh3 15. Qb3 Nd4 16. Qe3 Bxf1 17. Kxf1 Qf6 18. Nxd4 exd4 19. Qg3 d3 20. Rb1
Rae8 21. Bxd3 Qh6 22. Qg2 Re5 23. Be4 Rg5 24. d3 Rxg2 25. Bxh6 Rgxf2+ 26. Kg1
gxh6 27. Bxb7 Rd2 28. Be4 a5 29. b4 Ra2 30. bxa5 Rxa3 31. Rb7 Ra2 0-1

[Event "Chervonny-2010"]
[Site "?"]
[Date "2010.09.25"]
[Round "5"]
[White "Stoletov Gennadi"]
[Black "Dzera Evgeniy"]
[Result "0-1"]
[WhiteElo "2288"]
[BlackElo "2182"]
[PlyCount "150"]
[EventDate "2010.09.24"]
[SourceDate "2010.09.27"]

1. d4 d5 2. Nf3 Nf6 3. Bf4 e6 4. e3 Be7 5. Nbd2 Nbd7 6. Bd3 c5 7. c3 h6 8. h3
b6 9. O-O Bb7 10. Re1 g5 11. Bg3 Ne4 12. Bxe4 dxe4 13. Ne5 Nxe5 14. Bxe5 f6 15.
Qh5+ Kf8 16. Bg3 Qe8 17. Qd1 Qb5 18. Qc2 Qd3 19. Qd1 h5 20. Qc1 Rc8 21. Nf1 h4
22. Bh2 Kf7 23. dxc5 Rxc5 24. Rd1 Qb5 25. Qc2 f5 26. Rd2 Rd5 27. c4 Rxd2 28.
Nxd2 Qb4 29. a3 Qc5 30. Nb3 Qc8 31. Be5 Rd8 32. Nd4 Bf6 33. Bxf6 Kxf6 34. Rd1
e5 35. Nb5 Rxd1+ 36. Qxd1 Qxc4 37. Qd6+ Qe6 38. Qf8+ Kg6 39. Nd6 Bd5 40. Ne8
Qf7 41. Qd6+ Qe6 42. Qf8 Qf7 43. Qd6+ Qe6 44. Qd8 Ba2 45. Nc7 Qf6 46. Qd7 Bf7
47. Nb5 a6 48. Nd6 Qe6 49. Qc7 b5 50. Nxf7 Qxf7 51. Qxe5 Qf6 52. Qe8+ Kh6 53.
Qd7 f4 54. Qd2 f3 55. Qd5 fxg2 56. Qxe4 a5 57. b3 Qa1+ 58. Kxg2 Qxa3 59. Qc6+
Kg7 60. Qxb5 Qa1 61. f4 Kg6 62. Qxg5+ Kf7 63. Qd5+ Kg6 64. Qd3+ Kh6 65. Qd6+
Kh7 66. Qe7+ Kg6 67. Qg5+ Kf7 68. Qf5+ Kg8 69. Qc8+ Kf7 70. Qc4+ Kf8 71. f5 Qe1
72. Qf4 Qd2+ 73. Qf2 Qd5+ 74. Kh2 Qxb3 75. e4 Qg3+ 0-1

[Event "Chervonny-2010"]
[Site "?"]
[Date "2010.09.25"]
[Round "5"]
[White "Kozlov Aleksandr"]
[Black "Gavrilov Yuriy"]
[Result "1-0"]
[WhiteElo "2114"]
[BlackElo "2112"]
[PlyCount "83"]
[EventDate "2010.09.24"]
[SourceDate "2010.09.27"]

1. d4 d5 2. Nf3 Nf6 3. e3 e6 4. Bd3 Bd6 5. O-O c5 6. b3 O-O 7. Bb2 cxd4 8. exd4
Nbd7 9. Nbd2 Re8 10. Ne5 Nf8 11. f4 g6 12. Qe2 a6 13. Ndf3 Nh5 14. g3 f6 15.
Ng4 Kg7 16. Qd2 f5 17. Nge5 Nf6 18. Qg2 Bd7 19. c4 Rc8 20. c5 Bxe5 21. Nxe5 Bc6
22. Bc3 N8d7 23. Nf3 Qe7 24. b4 Ng4 25. Rfe1 Ndf6 26. h3 Nh6 27. a4 Ne4 28.
Rec1 Nf7 29. b5 axb5 30. axb5 Bd7 31. Be1 Ra8 32. Qb2 h6 33. Kh2 Rxa1 34. Rxa1
Bc8 35. Ra7 Qf6 36. c6 bxc6 37. bxc6 Re7 38. Qb8 Rxa7 39. Qxa7 g5 40. Bb4 g4
41. Ne5 Kg8 42. Qc7 1-0

[Event "Chervonny-2010"]
[Site "?"]
[Date "2010.09.25"]
[Round "5"]
[White "Presnyakov Semen"]
[Black "Kovalev Aleksandr"]
[Result "1-0"]
[WhiteElo "1973"]
[BlackElo "1974"]
[PlyCount "86"]
[EventDate "2010.09.24"]
[SourceDate "2010.09.27"]

1. c4 e5 2. Nc3 Nf6 3. g3 c6 4. Bg2 d6 5. Qc2 Be7 6. Nf3 h6 7. d4 exd4 8. Nxd4
O-O 9. O-O Bg4 10. Nf5 Qd7 11. Nxe7+ Qxe7 12. b3 Nbd7 13. Ba3 Rfe8 14. Rfe1 Nc5
15. Rad1 Bh5 16. Qd2 Rad8 17. Qf4 Qe5 18. Qxe5 Rxe5 19. f4 Ree8 20. h3 Bg6 21.
Kf2 Be4 22. Bxc5 Bxg2 23. Kxg2 dxc5 24. Kf3 Kf8 25. e4 Rd4 26. e5 Ng8 27. Ne4
Red8 28. Nd6 f6 29. Ke3 fxe5 30. fxe5 Rxd1 31. Rxd1 Ne7 32. Rf1+ Kg8 33. Nxb7
Re8 34. Nxc5 Ng6 35. Nd3 Nxe5 36. Nxe5 Rxe5+ 37. Kd4 Rg5 38. g4 c5+ 39. Ke4 Rg6
40. Rf5 Rc6 41. Kd5 Ra6 42. Rf2 Ra5 43. Kc6 g6 1-0

[Event "Chervonny-2010"]
[Site "?"]
[Date "2010.09.25"]
[Round "5"]
[White "An Yuriy"]
[Black "Blinov Sergey"]
[Result "0-1"]
[WhiteElo "2029"]
[BlackElo "1980"]
[PlyCount "68"]
[EventDate "2010.09.24"]
[SourceDate "2010.09.27"]

1. d4 e6 2. e4 b6 3. Bd3 Bb7 4. Ne2 f5 5. Ng3 Qh4 6. d5 fxe4 7. Bxe4 Nf6 8. Nc3
Bb4 9. Qd4 Bxc3+ 10. bxc3 Nxe4 11. Nxe4 O-O 12. Bg5 Qh5 13. g4 Qg6 14. f4 Bxd5
15. f5 Qf7 16. O-O Nc6 17. Qe3 exf5 18. Rxf5 Qe6 19. Ng3 Qxe3+ 20. Bxe3 Be6 21.
Rxf8+ Rxf8 22. g5 g6 23. Ne4 Rf3 24. Bd2 Ne5 25. Nf6+ Rxf6 26. gxf6 Nf3+ 27.
Kf2 Nxd2 28. Ke3 Nc4+ 29. Kd4 Kf7 30. Rf1 a5 31. Rf4 Na3 32. Rf2 Bxa2 33. Ke5
Be6 34. Kf4 Kxf6 0-1

[Event "Chervonny-2010"]
[Site "?"]
[Date "2010.09.26"]
[Round "6"]
[White "Dzera Evgeniy"]
[Black "Presnyakov Semen"]
[Result "1/2-1/2"]
[WhiteElo "2182"]
[BlackElo "1973"]
[PlyCount "23"]
[EventDate "2010.09.24"]
[SourceDate "2010.09.28"]

1. b4 Nf6 2. Bb2 g6 3. c4 Bg7 4. Nf3 d6 5. d4 O-O 6. Nc3 c5 7. a3 cxd4 8. Nxd4
Nc6 9. e4 Bd7 10. Be2 Nxd4 11. Qxd4 Bc6 12. O-O 1/2-1/2

[Event "Chervonny-2010"]
[Site "?"]
[Date "2010.09.26"]
[Round "6"]
[White "Gavrilov Yuriy"]
[Black "Blinov Sergey"]
[Result "0-1"]
[WhiteElo "2112"]
[BlackElo "1980"]
[PlyCount "50"]
[EventDate "2010.09.24"]
[SourceDate "2010.09.28"]

1. d4 e6 2. c4 b6 3. e4 Bb7 4. Nc3 Bb4 5. Bd3 f5 6. d5 fxe4 7. Bxe4 Nf6 8. Bf3
Bxc3+ 9. bxc3 O-O 10. Ba3 Re8 11. Ne2 exd5 12. cxd5 d6 13. O-O Ba6 14. Re1 Bxe2
15. Rxe2 Nbd7 16. Re6 Ne5 17. Qe2 Qd7 18. Rxe8+ Rxe8 19. Bb2 Nxf3+ 20. Qxf3 Qb5
21. Rb1 Qxb2 22. Qd3 Qe2 23. Qd1 Qxd1+ 24. Rxd1 Re2 25. f3 Rxa2 0-1

[Event "Chervonny-2010"]
[Site "?"]
[Date "2010.09.26"]
[Round "6"]
[White "Poluhovich Igor"]
[Black "Anikeev Anatoliy"]
[Result "1-0"]
[WhiteElo "1819"]
[BlackElo "1992"]
[PlyCount "80"]
[EventDate "2010.09.24"]
[SourceDate "2010.09.28"]

1. e4 c5 2. b4 e6 3. Nf3 d6 4. b5 b6 5. d4 Be7 6. Bd3 cxd4 7. Nxd4 e5 8. Ne2
Nf6 9. c4 O-O 10. O-O Nbd7 11. Nbc3 Bb7 12. f4 Nc5 13. Ng3 Rc8 14. Bb2 Qc7 15.
Nd5 Nxd5 16. cxd5 Nxd3 17. Qxd3 Qc2 18. Qa3 Qc5+ 19. Kh1 Qxa3 20. Bxa3 exf4 21.
Nf5 Rfe8 22. Bxd6 Bf6 23. Rae1 g6 24. e5 Bg5 25. h4 Bd8 26. Nd4 Bxd5 27. Rxf4
Be7 28. Ref1 Rc4 29. Nc6 Bd8 30. Nxa7 Rc2 31. R4f2 Rxf2 32. Rxf2 Bxh4 33. Rc2
Bg5 34. Nc8 Be3 35. Ne7+ Kg7 36. Nxd5 Bd4 37. Rc6 Bxe5 38. Bxe5+ Rxe5 39. Rd6
h5 40. a4 Re1+ 1-0

[Event "Chervonny-2010"]
[Site "?"]
[Date "2010.09.26"]
[Round "7"]
[White "Presnyakov Semen"]
[Black "Andriyashenko Vladimir"]
[Result "1/2-1/2"]
[WhiteElo "1973"]
[BlackElo "2043"]
[PlyCount "74"]
[EventDate "2010.09.24"]
[SourceDate "2010.09.28"]

1. c4 f5 2. Nc3 Nf6 3. d4 e6 4. g3 d5 5. Bg2 c6 6. Nf3 Be7 7. O-O O-O 8. b3 Bd7
9. Ne5 Be8 10. e3 Nbd7 11. a4 Nxe5 12. dxe5 Nd7 13. f4 dxc4 14. Ba3 Nc5 15.
bxc4 Qa5 16. Qc2 Bh5 17. Bf3 Bxf3 18. Rxf3 Rfd8 19. e4 fxe4 20. Nxe4 Rd4 21.
Bxc5 Bxc5 22. Kg2 Rad8 23. Kh3 Be7 24. c5 R8d5 25. Rc3 Qa6 26. Nd6 Rd2 27. Qe4
R2d4 28. Qc2 g5 29. Rf3 Rxe5 30. Qb2 g4+ 31. Kxg4 Rg5+ 32. Kh3 Rh5+ 33. Kg4
Rhd5 34. Qxb7 h5+ 35. Kh3 Qxb7 36. Nxb7 Bxc5 37. Nxc5 Rxc5 1/2-1/2

[Event "Chervonny-2010"]
[Site "?"]
[Date "2010.09.26"]
[Round "7"]
[White "Kovalev Aleksandr"]
[Black "Dzera Evgeniy"]
[Result "1-0"]
[WhiteElo "1974"]
[BlackElo "2182"]
[PlyCount "112"]
[EventDate "2010.09.24"]
[SourceDate "2010.09.28"]

1. e4 c5 2. c3 Nc6 3. Nf3 d6 4. d4 cxd4 5. cxd4 e6 6. Nc3 Nf6 7. Bb5 a6 8. e5
axb5 9. exf6 gxf6 10. Nxb5 Qa5+ 11. Nc3 d5 12. O-O h5 13. g3 Bd7 14. Qe2 Be7
15. Bd2 Qa6 16. Nb5 Rc8 17. Rfc1 Kf8 18. a4 Kg7 19. Qe3 Bb4 20. Qb3 Bxd2 21.
Nxd2 Na7 22. Nc7 Qa5 23. Qc3 Qxc3 24. Rxc3 Bc6 25. b4 Rxc7 26. b5 Rd7 27. bxc6
Nxc6 28. Nb3 Rd6 29. Rc5 b6 30. Rc3 Ra8 31. Rac1 Na5 32. Nd2 e5 33. dxe5 fxe5
34. Rc7 Kf6 35. Nf3 Rad8 36. Rd1 Rc6 37. Rc1 Rxc1+ 38. Rxc1 Rd6 39. Nd2 Rc6 40.
Re1 Nc4 41. Rc1 Ke6 42. f4 f6 43. Nf3 Kd6 44. Re1 e4 45. Nd4 Rc8 46. Nf5+ Kc5
47. Rb1 Rd8 48. Rb5+ Kc6 49. Ne7+ Kd6 50. Nxd5 Kc6 51. Nxf6 e3 52. Rxh5 Rd2 53.
Kf1 Ra2 54. Ne4 Rxa4 55. Rh6+ Kc7 56. Ke2 b5 1-0

[Event "Chervonny-2010"]
[Site "?"]
[Date "2010.09.26"]
[Round "7"]
[White "Blinov Sergey"]
[Black "Poluhovich Igor"]
[Result "0-1"]
[WhiteElo "1980"]
[BlackElo "1819"]
[PlyCount "81"]
[EventDate "2010.09.24"]
[SourceDate "2010.09.28"]

1. Nf3 e6 2. g3 f5 3. Bg2 Nf6 4. b3 d5 5. Bb2 Bd6 6. d4 Nbd7 7. Ne5 O-O 8. O-O
Ne4 9. Bxe4 fxe4 10. f4 exf3 11. exf3 c5 12. f4 Nf6 13. Nd2 Qb6 14. c3 Bd7 15.
Qe2 cxd4 16. cxd4 Bxe5 17. Qxe5 Rac8 18. Rfc1 Bb5 19. a4 Bd3 20. Rxc8 Rxc8 21.
Rc1 Rxc1+ 22. Bxc1 h6 23. Qe3 Qc6 24. Nf3 Be4 25. Bd2 Ng4 26. Qe2 Qc2 27. Ne1
Qb2 28. h3 Nf6 29. Nd3 Qxb3 30. Nf2 Qxg3+ 31. Kf1 Qg2+ 32. Ke1 Qg1+ 33. Qf1
Qxf1+ 34. Kxf1 Bc2 35. a5 Nh5 36. Ke2 Kf7 37. Ng4 Ng3+ 38. Kf3 Nf5 39. Be3 Bd1+
40. Kf2 Bxg4 41. hxg4 0-1

[Event "Chervonny-2010"]
[Site "?"]
[Date "2010.09.26"]
[Round "7"]
[White "Anikeev Anatoliy"]
[Black "An Yuriy"]
[Result "0-1"]
[WhiteElo "1992"]
[BlackElo "2029"]
[PlyCount "74"]
[EventDate "2010.09.24"]
[SourceDate "2010.09.28"]

1. d4 d5 2. Nf3 c6 3. e3 Bg4 4. Be2 e6 5. a3 Nd7 6. c4 Bxf3 7. Bxf3 dxc4 8. Qc2
Nb6 9. Nd2 Bd6 10. Nxc4 Nxc4 11. Qxc4 Nf6 12. O-O O-O 13. e4 Be7 14. Be3 Ne8
15. e5 Nc7 16. Rac1 Nd5 17. Rfe1 a5 18. Be4 g6 19. Bh6 Re8 20. Bb1 Bg5 21. Bxg5
Qxg5 22. Qd3 Nf4 23. Qf3 Rad8 24. Rcd1 Nh5 25. g3 Rd7 26. h4 Qe7 27. g4 Ng7 28.
Qf6 Red8 29. Bc2 Qxf6 30. exf6 Ne8 31. g5 Rxd4 32. Rxd4 Rxd4 33. Re4 Rxe4 34.
Bxe4 Nd6 35. Bd3 Kf8 36. f3 Ke8 37. Kf1 b5 0-1